| 000 | 00759cam a2200265 a 4500 | ||
|---|---|---|---|
| 001 | 000018685 | ||
| 005 | 20200929165835.0 | ||
| 008 | 720711s1968 mx 000 f spa d | ||
| 025 | _aLACAP68-7003 | ||
| 035 | _a(DLC) 74380830 | ||
| 035 | _a(OCoLC)352604 | ||
| 040 |
_aDO-SdBNP _cOAU _dOCoLC _dDLC _dBNPHU |
||
| 042 | _apremarc | ||
| 082 |
_aA863.42 _bD245p |
||
| 100 | 1 |
_aDávalos, Baica, _d1919- _922443 |
|
| 245 | 1 | 0 |
_aPapeles de Abundo / _cBaica Dávalos . |
| 260 |
_aMéxico : _bJoaquín Mortiz, _c1968. |
||
| 300 |
_a163 p. ; _c18 cm. |
||
| 490 | 1 | _aDel volador | |
| 650 | 4 |
_aNovela argentina _93941 |
|
| 650 | 4 |
_aLiteratura argentina _ySIGLO XX _914711 |
|
| 830 | 0 |
_aDel volador _939061 |
|
| 910 | _aCatalogación derivada / LC | ||
| 049 | _aBNGR | ||
| 999 |
_c18205 _d18205 |
||